Statistics for Biggest Cities in the West Coast Region

Click here to take the quiz!

General Stats

  • This quiz has been taken 7 times
  • The average score is 5 of 9

Answer Stats

PopulationSettlement% Correct
8,160Greymouth
100%
3,090Hokitika
100%
4,660Westport
100%
1,010Reefton
83%
460Franz Josef
33%
350Karamea
33%
1,230Runanga
17%
570Dobson
0%
620Gloriavale
0%

Score Distribution

Percentile by Number Answered

Percent of People with Each Score

Your Score History

You have not taken this quiz